000 00781nam a2200205 a 4500
003 0
005 20250314104546.0
008 071127s19uu xx 00 eng d
050 _aPGS LC 225.3
_b.T693 2007
100 _aTorres, Jolana Isabelle M.
245 _aParental absence and academic performance /
_cJolana Isabelle Torres.
260 _aLas PiƱas City, Philippines :
_bSouthville International School and Colleges,
_c2007.
300 _a36 pages :
_billustrations ;
_c28 cm.
504 _aIncludes bibliographical references.
650 _aAcademic achievement
_vParent participation.
650 _aEducation
_vParent influence.
650 _aParental absence
_vPsychological aspects.
650 _aChildren of working parents
_vEducation.
942 _2lcc
_cPASS
999 _c97775
_d97775